[Event "Wch Seniors 50 29th"]
[Site "Bucharest"]
[Date "2019.11.18"]
[Round "6"]
[White "Gebhardt, Uwe"]
[Black "Buciu, Aurel John"]
[Result "1-0"]
[WhiteElo "1943"]
[BlackElo "1741"]
[PlyCount "137"]
[EventDate "2019.11.12"]
[EventType "swiss"]
[EventRounds "11"]
[EventCountry "ROU"]
[SourceTitle "CBM 193 Extra"]
[Source "ChessBase"]
[SourceDate "2020.01.31"]
[SourceVersion "1"]
[SourceVersionDate "2020.01.31"]
[SourceQuality "1"]

1. d4 Nf6 2. c4 g6 3. Nc3 Bg7 4. e4 d6 5. Be2 0-0 6. Nf3 Nbd7 7. Bg5 e5 8. d5 a5 9. Nd2 Nc5 10. g4 h6 11. Be3 g5 12. f3 Re8 13. Qc2 Nfd7 14. 0-0-0 Nf8 15. Nf1 Ng6 16. Ng3 Bd7 17. Nf5 Nf4 18. Nxg7 Kxg7 19. h4 Rh8 20. Rh2 Qf6 21. h5 Rhb8 22. Bf1 b6 23. Rhd2 Qe7 24. Kb1 f6 25. Nb5 Rb7 26. b3 Qe8 27. Qc3 Bxb5 28. cxb5 Rba7 29. a3 Qd8 30. Ra2 Kf7 31. Kc2 Ke7 32. Rda1 Nb7 33. Kd2 Qd7 34. Ke1 Kd8 35. Kf2 Qe7 36. Rc1 Rc8 37. Bxb6 Raa8 38. Be3 Qd7 39. a4 Rab8 40. Rac2 Ra8 41. Qc6 Rab8 42. Ba7 Qxc6 43. dxc6 Nc5 44. Bxc5 dxc5 45. Rd1+ Ke8 46. Bc4 Rd8 47. Rcd2 Rxd2+ 48. Rxd2 Rd8 49. Bd5 Ke7 50. Ke1 Kd6 51. Kd1 Nh3 52. Kc2 Ng1 53. Rf2 Nh3 54. Rg2 Nf4 55. Rd2 Nh3 56. Kc3 Ng1 57. Rf2 Nh3 58. Rg2 Nf4 59. Rd2 Ke7 60. Kc2 Nxd5 61. Rxd5 Rxd5 62. exd5 Kd6 63. Kd2 Kxd5 64. Kd3 Ke6 65. Ke4 Kd6 66. Kf5 Ke7 67. Kg6 Ke6 68. Kxh6 Kf7 69. b6 1-0

[Event "Pfalz op-A 8th"]
[Site "Neustadt an der Weinstrasse"]
[Date "2017.02.24"]
[Round "1"]
[White "Gebhardt, Uwe"]
[Black "Dann, Matthias"]
[Result "0-1"]
[WhiteElo "2071"]
[BlackElo "2488"]
[PlyCount "108"]
[EventDate "2017.02.24"]
[EventType "swiss"]
[EventRounds "9"]
[EventCountry "GER"]
[SourceTitle "CBM 177 Extra"]
[Source "ChessBase"]
[SourceDate "2017.04.27"]
[SourceVersion "1"]
[SourceVersionDate "2017.04.27"]
[SourceQuality "1"]

1. d4 Nf6 2. c4 e6 3. Nc3 Bb4 4. e3 b6 5. Nge2 c5 6. a3 Ba5 7. Bd2 0-0 8. Nf4 Bb7 9. Bd3 d5 10. cxd5 exd5 11. 0-0 Nc6 12. Nh5 Nxh5 13. Qxh5 g6 14. Qg4 a6 15. Rad1 c4 16. Bc2 b5 17. Qf3 Ne7 18. Qf6 Nc8 19. Qf3 f5 20. Qh3 Nd6 21. Nb1 Bc7 22. Bb4 Rf6 23. a4 Nf7 24. g3 a5 25. Be1 b4 26. Rc1 Bc6 27. Bd1 Qd7 28. Qg2 Rd8 29. b3 c3 30. h4 h6 31. Be2 Nd6 32. Bd3 Ne4 33. f3 Nd6 34. Rc2 Re8 35. Bf2 Bb6 36. Rfc1 Bb7 37. Kh2 g5 38. Qh3 Re7 39. Rg1 Rg7 40. Qf1 Bc7 41. Kh1 Qe8 42. Nxc3 bxc3 43. Rxc3 g4 44. Qc1 Qe7 45. f4 Ne4 46. Bxe4 Qxe4+ 47. Kh2 Bd6 48. Rg2 Bb4 49. Rc7 Rxc7 50. Qxc7 Qe7 51. Qc2 Qd7 52. Qd1 Rc6 53. Be1 Qc8 54. Bxb4 axb4 0-1

[Event "Staufer op 25th"]
[Site "Schwaebisch Gmuend"]
[Date "2013.01.04"]
[Round "5"]
[White "Bracker, Frank"]
[Black "Gebhardt, Uwe"]
[Result "1-0"]
[WhiteElo "2376"]
[BlackElo "1972"]
[PlyCount "115"]
[EventDate "2013.01.02"]
[EventType "swiss"]
[EventRounds "9"]
[EventCountry "GER"]
[SourceTitle "CBM 152 Extra"]
[Source "ChessBase"]
[SourceDate "2013.02.25"]
[SourceVersion "1"]
[SourceVersionDate "2013.02.25"]
[SourceQuality "1"]

1. e4 g6 2. d4 Bg7 3. Nc3 d6 4. Be3 c6 5. Qd2 Nd7 6. Nf3 b5 7. Bd3 Nb6 8. h3 Nf6 9. 0-0 0-0 10. Ne2 Rb8 11. Bh6 Nc4 12. Qc1 Qc7 13. b3 Nb6 14. Ng3 e5 15. Bxg7 Kxg7 16. dxe5 dxe5 17. Qg5 Re8 18. Nh4 Ng8 19. Qe3 Qe7 20. Nf3 a6 21. a4 Nd7 22. axb5 cxb5 23. Rfb1 Nc5 24. Be2 Nf6 25. b4 Na4 26. c4 Bd7 27. c5 Bc6 28. Nd2 h6 29. Nb3 Red8 30. Na5 Qe8 31. Rd1 Rbc8 32. f3 Qe6 33. Rd2 Rxd2 34. Qxd2 Ne8 35. Rd1 Rc7 36. Qc2 Rd7 37. Nf1 Rxd1 38. Qxd1 Nc3 39. Qd2 Nxe2+ 40. Qxe2 Qd7 41. Ne3 h5 42. Kf2 f6 43. Qa2 Nc7 44. Nxc6 Qxc6 45. Kf1 h4 46. Nd5 Ne6 47. Qf2 g5 48. Qa2 Nf4 49. Ne7 Qe6 50. Qxe6 Nxe6 51. c6 Kf7 52. Nd5 Ke8 53. Nxf6+ Kd8 54. Nd7 Nd4 55. Nxe5 Kc7 56. Kf2 Nc2 57. Nd3 Kxc6 58. g3 1-0

[Event "Staufer op 24th"]
[Site "Schwaebisch Gmuend"]
[Date "2012.01.02"]
[Round "2"]
[White "Gohil, Harry"]
[Black "Gebhardt, Uwe"]
[Result "1-0"]
[WhiteElo "2322"]
[BlackElo "2026"]
[PlyCount "77"]
[EventDate "2012.01.02"]
[EventType "swiss"]
[EventRounds "9"]
[EventCountry "GER"]
[SourceTitle "CBM 146 Extra"]
[Source "ChessBase"]
[SourceDate "2012.02.29"]
[SourceVersion "1"]
[SourceVersionDate "2012.02.29"]
[SourceQuality "1"]

1. d4 g6 2. Nf3 Bg7 3. e4 d6 4. Bd3 Nc6 5. c3 e5 6. 0-0 Nf6 7. dxe5 dxe5 8. Bg5 0-0 9. Na3 Qe7 10. Nc4 Bg4 11. Ne3 Qd7 12. Nxg4 Qxg4 13. h3 Qe6 14. Qb3 Qxb3 15. axb3 h6 16. Be3 a6 17. b4 Rfd8 18. Bc2 Ne8 19. Ba4 Nd6 20. Bxc6 bxc6 21. Nd2 f5 22. f3 Nb7 23. exf5 gxf5 24. f4 Rd3 25. Rfe1 exf4 26. Bxf4 c5 27. b5 a5 28. Nc4 Rd7 29. Re6 Rad8 30. Kf2 Rd1 31. Rxd1 Rxd1 32. Bxc7 Rd7 33. Bf4 Kf7 34. Ra6 Re7 35. Rb6 a4 36. Rxb7 Rxb7 37. Nd6+ Ke6 38. Nxb7 Kd5 39. Na5 1-0

[Event "Augsburg Afro op-A 18th"]
[Site "Augsburg"]
[Date "2011.08.05"]
[Round "4"]
[White "Gebhardt, Uwe"]
[Black "Kaufeld, Juergen"]
[Result "0-1"]
[WhiteElo "2015"]
[BlackElo "2260"]
[PlyCount "84"]
[EventDate "2011.08.04"]
[EventType "swiss"]
[EventRounds "7"]
[EventCountry "GER"]
[SourceTitle "EXT 2015"]
[Source "ChessBase"]
[SourceDate "2014.11.20"]
[SourceVersion "1"]
[SourceVersionDate "2014.11.20"]
[SourceQuality "1"]

1. d4 Nf6 2. c4 g6 3. Nc3 d5 4. cxd5 Nxd5 5. Nf3 Bg7 6. Qa4+ c6 7. e4 Nxc3 8. bxc3 0-0 9. Be2 b5 10. Qc2 a6 11. 0-0 c5 12. Bb2 Bb7 13. Rfd1 e6 14. a4 bxa4 15. Rxa4 Qc7 16. d5 exd5 17. exd5 Nd7 18. c4 Nf6 19. Be5 Qd7 20. Bg3 Ne4 21. Ra3 Nxg3 22. hxg3 Rfe8 23. Nh2 Qd6 24. Bf3 Bc8 25. g4 Bd7 26. g3 a5 27. Kg2 a4 28. g5 Rab8 29. Ra2 Rb3 30. Bg4 Rc3 31. Qb1 Rxc4 32. Bxd7 Qxd7 33. Qb6 Bd4 34. Nf3 Qxd5 35. Qb5 Ra8 36. Ra3 Rb4 37. Qe2 Rb3 38. Rd3 Qb7 39. Rxa4 Rxa4 40. Rxb3 Qxb3 41. Qe8+ Kg7 42. Nxd4 cxd4 0-1

[Event "Staufer op 22nd"]
[Site "Schwaebisch Gmuend"]
[Date "2010.01.02"]
[Round "2"]
[White "Postoev Birkenberg, Alexander"]
[Black "Gebhardt, Uwe"]
[Result "1-0"]
[WhiteElo "2343"]
[BlackElo "2041"]
[PlyCount "81"]
[EventDate "2010.01.02"]
[EventType "swiss"]
[EventRounds "9"]
[EventCountry "GER"]
[SourceTitle "CBM 134 Extra"]
[Source "ChessBase"]
[SourceDate "2010.03.03"]
[SourceVersion "1"]
[SourceVersionDate "2010.03.03"]
[SourceQuality "1"]

1. d4 g6 2. e4 Bg7 3. Nc3 d6 4. g3 Nc6 5. d5 Nb8 6. Bg2 e5 7. h3 Ne7 8. Nge2 0-0 9. Be3 Bd7 10. Qd2 b5 11. a3 Nc8 12. 0-0 Nb6 13. b3 Na6 14. Qd3 Qe8 15. a4 Nb4 16. Qd2 bxa4 17. Nxa4 Bxa4 18. Qxb4 Bd7 19. c4 Qc8 20. Kh2 f5 21. c5 dxc5 22. Bxc5 Re8 23. Rfc1 Qd8 24. Nc3 Qg5 25. exf5 gxf5 26. Be3 Qh5 27. d6 c6 28. Bxb6 axb6 29. Rxa8 Rxa8 30. Bxc6 Qh6 31. Bxa8 Qxc1 32. Bd5+ Kf8 33. Qxb6 Bf6 34. Qc7 Qf1 35. Qxd7 Qxf2+ 36. Bg2 f4 37. Qc8+ Kf7 38. Qb7+ Kf8 39. Qf3 fxg3+ 40. Qxg3 Qd4 41. Ne4 1-0

[Event "Staufer op 21st"]
[Site "Schwaebisch Gmuend"]
[Date "2009.01.02"]
[Round "2"]
[White "Gebhardt, Uwe"]
[Black "Abbasov, Farid"]
[Result "0-1"]
[WhiteElo "2090"]
[BlackElo "2578"]
[PlyCount "111"]
[EventDate "2009.01.02"]
[EventType "swiss"]
[EventRounds "9"]
[EventCountry "GER"]
[SourceTitle "CBM 128 Extra"]
[Source "ChessBase"]
[SourceDate "2009.03.05"]
[SourceVersion "2"]
[SourceVersionDate "2009.03.25"]
[SourceQuality "1"]

1. d4 Nf6 2. c4 g6 3. Nc3 Bg7 4. e4 d6 5. Be2 0-0 6. Nf3 e5 7. d5 a5 8. Bg5 h6 9. Bh4 Na6 10. Nd2 Bd7 11. g4 Qe8 12. f3 Nh7 13. Bf2 f5 14. gxf5 gxf5 15. Nf1 Kh8 16. Qd2 Bf6 17. 0-0-0 Bg5 18. Be3 Bxe3 19. Qxe3 f4 20. Qf2 Qh5 21. Nd2 Rg8 22. Rdg1 Ng5 23. Bf1 Nh3 24. Bxh3 Qxh3 25. Rxg8+ Rxg8 26. Rg1 Rg5 27. a3 Nc5 28. Kc2 a4 29. Nb5 Bxb5 30. cxb5 Kh7 31. Rxg5 hxg5 32. Qg1 Kh6 33. Qg4 Qxg4 34. fxg4 Kg6 35. Kd1 Nd3 36. Ke2 Nxb2 37. Kf3 Kf6 38. Ke2 Ke7 39. h3 Kf6 40. Kf3 Nd3 41. Nb1 Ne1+ 42. Ke2 Nc2 43. Kf2 Ke7 44. Kg2 Kd7 45. Kf2 Ke8 46. Kg2 Kd8 47. Kf2 Kd7 48. Kg2 Ne3+ 49. Kf3 Nc2 50. Kf2 c6 51. bxc6+ bxc6 52. dxc6+ Kxc6 53. Nc3 Nxa3 54. Nxa4 Nb5 55. Nb2 Kc5 56. h4 0-1

[Event "Ulm/Neu Ulm-ch"]
[Site "Ulm/Neu Ulm"]
[Date "2007.11.02"]
[Round "4"]
[White "Gebhardt, Uwe"]
[Black "Spaeth, Gerhard"]
[Result "1-0"]
[WhiteElo "1995"]
[BlackElo "1675"]
[PlyCount "95"]
[EventDate "2007.09.21"]
[EventType "swiss"]
[EventRounds "7"]
[EventCountry "GER"]
[SourceTitle "EXT 2011"]
[Source "ChessBase"]
[SourceDate "2010.11.26"]
[SourceVersion "1"]
[SourceVersionDate "2010.11.26"]
[SourceQuality "1"]

1. d4 d5 2. c4 e6 3. Nc3 Nf6 4. Bg5 h6 5. Bh4 dxc4 6. e3 a6 7. Bxc4 b5 8. Bd3 Bb7 9. Nf3 Be7 10. 0-0 0-0 11. Qe2 Nbd7 12. Rfd1 Nb6 13. Rac1 b4 14. Bxf6 Bxf6 15. Ne4 Be7 16. Nc5 Bxc5 17. Rxc5 Qd6 18. Rdc1 Rfc8 19. Ne5 f6 20. Nc4 Nxc4 21. Bxc4 Bd5 22. Bxd5 exd5 23. Rc6 Qd8 24. R1c5 a5 25. Qh5 a4 26. Rxd5 Qe7 27. Qf5 b3 28. a3 Rd8 29. Rxd8+ Rxd8 30. Qa5 Qe4 31. Rc1 Rd5 32. Qxa4 c5 33. Qxb3 cxd4 34. exd4 Qxd4 35. h3 Kh7 36. Qc2+ f5 37. b4 Qf4 38. Re1 Rd2 39. Qc5 Kg6 40. Qe3 Qxe3 41. Rxe3 f4 42. Rb3 Kf5 43. b5 g5 44. b6 Rd8 45. b7 Rb8 46. a4 h5 47. a5 g4 48. a6 1-0

[Event "Ulm/Neu Ulm-ch"]
[Site "Ulm/Neu Ulm"]
[Date "2006.09.22"]
[Round "1"]
[White "Radovic, Miodrag"]
[Black "Gebhardt, Uwe"]
[Result "0-1"]
[WhiteElo "1515"]
[BlackElo "1941"]
[PlyCount "32"]
[EventDate "2006.09.22"]
[EventType "swiss"]
[EventRounds "7"]
[EventCountry "GER"]
[SourceTitle "EXT 2011"]
[Source "ChessBase"]
[SourceDate "2010.11.26"]
[SourceVersion "1"]
[SourceVersionDate "2010.11.26"]
[SourceQuality "1"]

1. e4 g6 2. d4 Bg7 3. Nc3 d6 4. Bc4 c6 5. Qf3 e6 6. d5 cxd5 7. exd5 e5 8. Nge2 f5 9. Qg3 Nf6 10. h3 0-0 11. Bg5 Nbd7 12. Nb5 Nc5 13. Qa3 a6 14. Nbc3 Rb8 15. Nc1 b5 16. Bb3 b4 0-1

[Event "Stuttgart-chA int"]
[Site "Ditzingen"]
[Date "2006.05.28"]
[Round "7"]
[White "Schmalhofer, Adam"]
[Black "Gebhardt, Uwe"]
[Result "1-0"]
[WhiteElo "1900"]
[BlackElo "2154"]
[PlyCount "75"]
[EventDate "2006.05.25"]
[EventType "swiss"]
[EventRounds "7"]
[EventCountry "GER"]
[SourceTitle "EXT 2018"]
[Source "ChessBase"]
[SourceDate "2017.10.13"]
[SourceVersion "1"]
[SourceVersionDate "2017.10.13"]
[SourceQuality "1"]

1. d4 g6 2. c4 Bg7 3. Nc3 d6 4. e4 Nc6 5. Be3 e5 6. d5 Nce7 7. h4 f5 8. f3 f4 9. Bf2 Nf6 10. g4 fxg3 11. Bxg3 Nh5 12. Nge2 0-0 13. Qd3 Bh6 14. Bh3 a6 15. Bg4 Bxg4 16. fxg4 Nf4 17. Bxf4 Bxf4 18. g5 Qd7 19. Qh3 Qxh3 20. Rxh3 Rf7 21. Nxf4 Rxf4 22. Ke2 Raf8 23. Ke3 Rf2 24. b3 Rg2 25. Re1 Kg7 26. Ne2 Rff2 27. Rf3 Rxf3+ 28. Kxf3 Rh2 29. Kg3 Rxe2 30. Rxe2 Kf7 31. Kg4 Ke8 32. Rf2 Ng8 33. b4 b6 34. Rf3 b5 35. c5 dxc5 36. bxc5 a5 37. Rb3 b4 38. a3 1-0

[Event "Neckar op-A 10th"]
[Site "Deizisau"]
[Date "2006.04.13"]
[Round "1"]
[White "Shengelia, Davit"]
[Black "Gebhardt, Uwe"]
[Result "1-0"]
[WhiteElo "2556"]
[BlackElo "2154"]
[PlyCount "79"]
[EventDate "2006.04.13"]
[EventType "swiss"]
[EventRounds "9"]
[EventCountry "GER"]
[SourceTitle "CBM 111 Extra"]
[Source "ChessBase"]
[SourceDate "2006.05.09"]
[SourceVersion "1"]
[SourceVersionDate "2006.05.09"]
[SourceQuality "1"]

1. d4 g6 2. e4 Bg7 3. Nc3 d6 4. Nge2 c6 5. g3 Nd7 6. Bg2 e5 7. Be3 Ne7 8. Qd2 Nb6 9. b3 0-0 10. Bh6 Bg4 11. f3 Be6 12. Bxg7 Kxg7 13. f4 exf4 14. Nxf4 d5 15. 0-0 Qd7 16. Rae1 Rad8 17. e5 Na8 18. Nd1 Nc7 19. Ne3 Ng8 20. Nxe6+ fxe6 21. Bh3 Qe7 22. Ng2 Rxf1+ 23. Rxf1 Rf8 24. Rxf8 Qxf8 25. Nf4 Kf7 26. Qa5 Qb8 27. Qb4 Ne7 28. Nd3 Qc8 29. Qd2 b6 30. Qf4+ Kg8 31. Qf6 Nf5 32. Bxf5 gxf5 33. Qe7 c5 34. Nf4 cxd4 35. Nh5 Ne8 36. Nf6+ Nxf6 37. exf6 Qf8 38. Qxe6+ Qf7 39. Qc8+ Qf8 40. Qxf5 1-0

[Event "Staufer op 18th"]
[Site "Schwaebisch Gmuend"]
[Date "2006.01.04"]
[Round "5"]
[White "Gebhardt, Uwe"]
[Black "Latzke, Boris Alexander"]
[Result "1-0"]
[WhiteElo "2138"]
[BlackElo "2281"]
[PlyCount "101"]
[EventDate "2006.01.02"]
[EventType "swiss"]
[EventRounds "9"]
[EventCountry "GER"]
[SourceTitle "EXT 2007"]
[Source "ChessBase"]
[SourceDate "2006.11.23"]
[SourceVersion "1"]
[SourceVersionDate "2006.11.23"]
[SourceQuality "1"]

1. d4 Nf6 2. c4 e6 3. g3 d5 4. cxd5 exd5 5. Bg2 Bd6 6. Nc3 c6 7. Nh3 0-0 8. 0-0 Re8 9. f3 Na6 10. Nf2 Nc7 11. e4 dxe4 12. fxe4 Be7 13. d5 cxd5 14. exd5 Bd6 15. Bg5 h6 16. Bxf6 Qxf6 17. Nfe4 Qg6 18. Nxd6 Qxd6 19. Qf3 Rf8 20. Qf4 Qxf4 21. Rxf4 Bd7 22. Re1 Rae8 23. Rxe8 Rxe8 24. Kf2 Rd8 25. b4 Ne8 26. Rc4 Kf8 27. Ke3 Ke7 28. Ne4 f5 29. Nc5 Bc8 30. Nb3 Kd6 31. Na5 Nf6 32. Kd4 Ng4 33. h4 Re8 34. Rc3 Ne5 35. Re3 b5 36. a4 a6 37. axb5 axb5 38. Bf1 Bd7 39. Nb7+ Kc7 40. Rxe5 Kxb7 41. Rxe8 Bxe8 42. Kc5 g5 43. Kd6 gxh4 44. gxh4 f4 45. Ke7 Bg6 46. d6 Bf5 47. d7 Bxd7 48. Kxd7 Kb6 49. h5 f3 50. Kd6 f2 51. Kd5 1-0

[Event "Staufer op 18th"]
[Site "Schwaebisch Gmuend"]
[Date "2006.01.04"]
[Round "6"]
[White "Lentrodt, Thomas"]
[Black "Gebhardt, Uwe"]
[Result "1-0"]
[WhiteElo "2312"]
[BlackElo "2138"]
[PlyCount "65"]
[EventDate "2006.01.02"]
[EventType "swiss"]
[EventRounds "9"]
[EventCountry "GER"]
[SourceTitle "EXT 2007"]
[Source "ChessBase"]
[SourceDate "2006.11.23"]
[SourceVersion "1"]
[SourceVersionDate "2006.11.23"]
[SourceQuality "1"]

1. d4 g6 2. c4 Bg7 3. Nf3 d6 4. Nc3 Nc6 5. d5 Ne5 6. Nxe5 dxe5 7. e4 Nf6 8. Be2 0-0 9. Be3 e6 10. Qd2 exd5 11. cxd5 Ne8 12. 0-0 f5 13. exf5 gxf5 14. f4 e4 15. Rac1 a6 16. Na4 Rf6 17. Bd4 Rh6 18. Bxg7 Nxg7 19. Rfd1 Qh4 20. h3 Qe7 21. Qc3 b5 22. Nc5 c6 23. b4 cxd5 24. Rxd5 Be6 25. Re5 Qa7 26. Rd1 Rg6 27. Rd6 Qc7 28. Qd4 Bxa2 29. Rd7 Qc8 30. Ree7 Qf8 31. Nxa6 Be6 32. Ra7 Rd8 33. Rxg7+ 1-0

[Event "Staufer op 18th"]
[Site "Schwaebisch Gmuend"]
[Date "2006.01.02"]
[Round "2"]
[White "Vasilev, Milen"]
[Black "Gebhardt, Uwe"]
[Result "1/2-1/2"]
[WhiteElo "2451"]
[BlackElo "2138"]
[PlyCount "96"]
[EventDate "2006.01.02"]
[EventType "swiss"]
[EventRounds "9"]
[EventCountry "GER"]
[SourceTitle "EXT 2007"]
[Source "ChessBase"]
[SourceDate "2006.11.23"]
[SourceVersion "1"]
[SourceVersionDate "2006.11.23"]
[SourceQuality "1"]

1. d4 g6 2. c4 Bg7 3. Nc3 d6 4. Nf3 Nc6 5. g3 e5 6. d5 Nce7 7. Bg2 h6 8. 0-0 f5 9. e4 Nf6 10. Ne1 0-0 11. Nd3 g5 12. exf5 Nxf5 13. Ne4 Kh8 14. Bd2 Nd4 15. Bc3 Bg4 16. f3 Bh5 17. Ndf2 Qe7 18. Qd3 Nd7 19. Ng4 Bxg4 20. fxg4 Rxf1+ 21. Rxf1 Rf8 22. Rxf8+ Qxf8 23. b4 b6 24. Qe3 Nf6 25. Nxf6 Qxf6 26. Be4 Kg8 27. Kg2 Kf7 28. Bd2 Qd8 29. Qa3 Qb8 30. Bb1 Qc8 31. h3 a6 32. Qd3 Kf8 33. Qf1+ Kg8 34. Bf5 Nxf5 35. Qxf5 Qe8 36. h4 e4 37. hxg5 e3 38. Be1 hxg5 39. Kf3 Qe5 40. Qc8+ Kh7 41. Qf5+ Kg8 42. Qxe5 Bxe5 43. Ke4 Kf7 44. c5 b5 45. Kxe3 Kf6 46. Ke4 Kg6 47. Bf2 Bc3 48. c6 Bf6 1/2-1/2

[Event "Ulm/Neu Ulm-ch"]
[Site "Ulm/Neu Ulm"]
[Date "2005.??.??"]
[Round "?"]
[White "Gebhardt, Uwe"]
[Black "Geisdorf, Uwe"]
[Result "1-0"]
[WhiteElo "1939"]
[BlackElo "1631"]
[PlyCount "70"]
[EventDate "2005.11.26"]
[EventType "swiss"]
[EventRounds "7"]
[EventCountry "GER"]
[SourceTitle "EXT 2011"]
[Source "ChessBase"]
[SourceDate "2010.11.26"]
[SourceVersion "1"]
[SourceVersionDate "2010.11.26"]
[SourceQuality "1"]

1. d4 Nf6 2. c4 g6 3. Nc3 d5 4. cxd5 Nxd5 5. Nf3 Bg7 6. Qa4+ Nc6 7. Ne5 0-0 8. Nxc6 bxc6 9. e4 Nxc3 10. bxc3 c5 11. Be3 cxd4 12. cxd4 c5 13. Rd1 cxd4 14. Bxd4 Bxd4 15. Rxd4 Qc7 16. Bc4 Rd8 17. Rxd8+ Qxd8 18. 0-0 Bd7 19. Qb3 e6 20. Rd1 Qc7 21. h4 Bc6 22. h5 Qe5 23. hxg6 hxg6 24. Re1 Rb8 25. Qe3 Rb4 26. Qd3 Bb5 27. Qd8+ Kg7 28. Bxb5 Rxb5 29. Qh4 Rb2 30. a3 Ra2 31. a4 Rxa4 32. f4 Qd4+ 33. Kh2 Rc4 34. Qg3 Rc8 35. Qf3 Qb6 1-0